| 000 | 00740nam a2200253 i 4500 | ||
|---|---|---|---|
| 003 | DO-SdBNP | ||
| 005 | 20250717133403.0 | ||
| 007 | ta | ||
| 008 | 250430b2024 dr ||||| |||| 00| 0 spa d | ||
| 020 | _a9789945290899 | ||
| 040 |
_aDO-SdBNP _bspa _cBNPHU _erda |
||
| 041 | _hspa | ||
| 082 | 4 |
_222 _axxx _bxxx |
|
| 100 |
_aFigueroa, Dania Victoria _eautor _4aut. _987015 |
||
| 245 | 1 | 0 |
_aAlma desnuda en versos / _cDania Victoria Figueroa |
| 264 | 4 |
_aSanto Domingo : _bPublicaciones Libertad, _c©2024. |
|
| 300 |
_a113 páginas ; _c21 cm. |
||
| 336 |
_atexto _btxt _2rdacontent |
||
| 337 |
_asin mediación _bn _2rdamedia |
||
| 338 |
_avolumen _bnc _2rdacarrier |
||
| 590 | _aInventariado, 2025/BT | ||
| 910 | _aBtavárez | ||
| 942 |
_2ddc _cLBS1 |
||
| 999 |
_c58175 _d58175 |
||